| 000 | 00824nam a22002177a 4500 | ||
|---|---|---|---|
| 005 | 20170726020002.0 | ||
| 008 | 130827b2013 ck ||||| |||| 00| 0 spa d | ||
| 020 | _a9789585797406 | ||
| 041 | _aspa | ||
| 044 | _ack | ||
| 082 |
_a639.2 _bM562d |
||
| 100 | 1 |
_aMerino, Maria Claudia _91862 |
|
| 245 | 1 | 0 |
_aDiagnóstico del estado de la acuicultura en Colombia _cMaria Claudia Merino ... [et al]. |
| 260 |
_aBogotá _bAutoridad Nacional de Acuicultura y Pesca - AUNAP, _bFAO, _bMinisterio de Agricultura y Desarrollo Rural _c2013 |
||
| 300 |
_a160 p. _bil., tablas, mapas, gráficas _c27 cm. |
||
| 650 | 4 |
_aPesca artesanal _zColombia _928245 |
|
| 650 | 4 |
_aAcuicultura _xAspectos económicos _928246 |
|
| 650 | 4 |
_aAcuicultura marina _zColombia _928247 |
|
| 650 | 4 |
_aAcuicultura sostenible _zColombia _928248 |
|
| 942 |
_2ddc _cLIBRO _04 |
||
| 999 |
_c7623 _d7623 |
||